| 000 | 01240nam a2200349 i 4500 | ||
|---|---|---|---|
| 001 | 7967 | ||
| 003 | KOSZ 005 | ||
| 005 | 20200630132817.0 | ||
| 008 | 081106s1959 pl a f 000 0 pol | ||
| 015 | _aPB 1959/2573 | ||
| 040 |
_aWA N _cKOSZ 005/RW _dKOSZ 005/RW _dKOSZ 005/HR |
||
| 041 | 0 |
_apol _beng _brus |
|
| 046 | _k1959 | ||
| 080 | _a624.01/.07 | ||
| 100 | 1 |
_aŁempicki, Jerzy _d(1923-2005) _eAutor |
|
| 245 | 1 | 0 |
_aTeoria zginania belek żelbetowych statycznie niewyznaczalnych / _cJerzy Łempicki ; Polska Akademia Nauk. Zakład Budownictwa. |
| 260 |
_aWarszawa: _bPaństwowe Wydawnictwo Naukowe, _c1959. |
||
| 300 |
_a115, [1] s., [1] k. tabl. : _bil. ; _c24 cm. |
||
| 380 | _aKsiążki. | ||
| 388 | _a1901-2000 | ||
| 490 | 1 |
_aStudia z Zakresu Budownictwa ; _vnr 1. |
|
| 500 | _aRok wyd. 1958. | ||
| 504 | _aBibliogr. s. 107. | ||
| 521 | 8 | _aStreszcz. ang., ros. | |
| 650 | 4 | _aBelka | |
| 650 | 4 | _aMechanika budowli | |
| 650 | 4 | _aKonstrukcje żelbetowe | |
| 710 | 2 |
_aPaństwowe Wydawnictwo Naukowe _4pbl. |
|
| 830 | 0 |
_aStudia z Zakresu Budownictwa ; _vnr 1. |
|
| 856 |
_uhttp://koha.tu.koszalin.pl/cgi-bin/koha/opac-detail.pl?biblionumber=7967 _yKatalog online BPK |
||
| 942 |
_2UKD _cKS |
||
| 999 |
_c7967 _d7967 |
||